Hauptstädte, die auf 'd' enden - Statistiken

Allgemein
  • Dieses Quiz wurde 197 mal gespielt
  • Das Durchschnittsergebnis liegt bei 3 aus 6
Antwortstatistiken
Hauptstadt Land % Korrekt
Madrid Spanien
63%
Bagdad Irak
58%
Riad Saudi-Arabien
48%
Islamabad Pakistan
38%
Belgrad Serbien
31%
Ngerulmud Palau
12%
Keine übereinstimmenden Quizze gefunden
Verteilung der Resultate
Anzahl Personen mit jedem Resultat
Perzentil nach korrekt beantworteten Fragen
Ihre Resultats-Entwicklung
Sie haben dieses Quiz noch nicht gespielt